MDQL
is popping MORE tags! Check the
thread
!
Quizzes
Events
Quiz Creation
Community
Videos
Private Events
Remove Ads
Sign In
Join for FREE
Feedback
Dark Mode
Quiz Categories
Sports
Geography
Music
Movies
Television
Just For Fun
Miscellaneous
History
Literature
Language
Science
Gaming
Entertainment
Religion
Holiday
For Kids
Quiz Lab
Recent
Popular Today
Quiz Kudos Today
Editor Picks
Curator Picks
Quizzes by...
Day
Popularity
Type
Ratings
Length
Year
Community
Subscriptions
Recent Discussions
Orange Saloon
Badges
Playlists
Quests
Create
Leaderboards
Showdown
Live 5
Trivia Bingo
Activity
Puzzle Library
Sporcle Events
Private Events
Virtual Trivia
Globe League
Become a Host
Pub Owners
SporcleCon
Opinionation
Our Games
Videos
Blog
Mobile Apps
Partnerships
Remove Ads and Go Orange
Feedback
History
US Presidents
World Leaders
Politics
Nation
Discovery
War
Decade
Year
Century
Biography
Art
History
US Presidents
World Leaders
Politics
Nation
Discovery
War
Decade
Year
Century
Biography
Art
Random Quiz
Search Sporcle
×
Quiz Lab
Quiz Lab
History
Event
Type in answers that appear in a list
Type in answers that appear in a list
Classic
Best Score? Go Orange.
Important historical dates Stats
Can you name the Important historical dates?
By
smilingirl
5m
15 Questions
537 Plays
537 Plays
537 Plays
Comments
Comments
Give Quiz Kudos
Give Quiz Kudos
-
- Ratings
hide this ad
Replay
Link that replays current quiz
Next Quiz
Link to next quiz in quiz playlist
You Got
0%
They Got
Avg Score
62%
Avg Friend Score
Upgrade to see
Score Distribution
Jump to the score distribution portion of the page
Score
0/15
Timer
05:00
0
Plays Today
Historical Event
Year
% Correct
The begining of World war 1
1914
97.2%
End of World war 2
1945
91.2%
Hitler's rise to power in Germany
1933
87.3%
The American Declaration of independence
1776
85.3%
The Great Depression
1929
83.4%
Russian Revolution
1917
78.8%
What year did Nelson Mandela become President of Sout Africa
1994
74.9%
The French Revolution
1789
74.5%
Historical Event
Year
% Correct
Begining of the Civil Right Movement
1955
59.2%
Assassination of Ghandi
1948
53.4%
What year did Haiti gain their Independence from France
1804
34.8%
Abolition of the Trans-
Atlantic Slave Trade
1807
31.8%
What year diod Brazil gain it's independence from Portugual
1822
31.1%
Abolition of Slavery in the West Indeies
1834
28.7%
What year did Vasco De gama sail around around Cape Hope
1497
24.4%
Quiz Playlist
Details
Report
Send in Message
Add To Playlist
Classic:
Type in answers that appear in a list
Last Updated: Feb 16, 2017
Quiz Scoreboard
CHALLENGE
Sign Up to Join the Scoreboard
Show All
Scores
Hide
Comments
May contain spoilers
Recently Published
1-10 Letter E Words III
by El_Dandy
Language
2m
Street Fighter Characters
by Artimus82
Gaming
60s
College Basketball Coaching Resumes
by pancakes188
Sports
9m
More to Explore
Quiz From the Vault
Featured Blog Post
Where Did the Easter Bunny Come From?
hide this ad
You Might Also Like...
Tags
date
Event
important
Today's Top Quizzes in History
Browse History
hide this ad
Today's Top Quizzes in Event
Browse Event
Top Contributed Quizzes in History
1
Popular People in 1991
2
Popular People in 1981
3
Popular People in 1951
4
Popular People in 1941
5
Popular People in 1986
6
Popular People in 1976
7
Popular People in 1921
8
5-to-1: 20th Century Images of War
9
I Am Born On March 28th
10
Popular People in 1946
Explore More
Trending Topics
Kpop
Marvel
Anime
Harry Potter
Disney
Crossword
NBA
The Office
Pokémon
WWE
Soccer
Country
NFL
Song
Puzzle
hide this ad
More By:
smilingirl
Quiz
Plays
Rating
Category
Featured
Created
General Knowledge Quiz
4,525
2.33
Just For Fun
Apr 3, 2010
Important historical dates
537
1.36
History
Mar 26, 2010
Famous Movie Characters
245
1.50
Movies
Mar 26, 2010
Opening lyrics VII
174
2.13
Music
Mar 17, 2010
Reality shows by their hosts
159
4.00
Television
Apr 3, 2010
Go to Creator's Profile
Score Distribution
Quiz Creator Spotlight
smilingirl
Follow
Send a Message
Quizzes Created
-
Created Quiz Play Count
-
More By This Creator
Popular Quizzes Today
1
Find the US States - No Outlines Minefield
2
Find the Countries of Europe - No Outlines Minefield
3
Find the US States
4
The Countries of the World
5
Risky Map Clicking: Biggest States A-Z
6
US States
7
Popular People in 1961
8
Movies - When Are They Set?
More History Quizzes
On This Day: August 15th
Published
Trending Quizzes
Risky Map Clicking: Least Populous States A-Z
1-10 Letter G Words
Countries of the World: 200 Million BC
1-10 Letter F Words
Risky Map Clicking: Next State Alphabetically
Recently Updated
Largest US Cities 1790-2010
pecheneg
Rides in Walt Disney World
pecheneg
Most Oscar Losses (Acting)
pecheneg
Beyoncé Albums
pecheneg
Leaping Animals
pecheneg
Reality TV Shows (A-Z)
bhenderson79
Rickey Henderson's Hall of Fame Teammates
pecheneg
Champions League XIs: Arsenal
pecheneg
Quick Pick: Celebrities in WWE's Hall of Fame
aduchscher
A-Z Keypad Blitz II
pecheneg
Trending Topics
Harry Potter
Anime
Kpop
Crossword
Marvel
Disney
NBA
WWE
Puzzle
Soccer
NFL
Pokémon
Country
The Office
Song
Your Account Isn't Verified!
In order to create a playlist on Sporcle, you need to verify the email address you used during registration. Go to your
Sporcle Settings
to finish the process.
Report this User
Report this user for behavior that violates our
Community Guidelines
.
Details:
Send Report
Go to the Sporcle.com Mobile Site →
Comments